Opyt bor'by s besplodijem korov /

Uložené v:
Podrobná bibliografia
Hlavní autori: Aleksejev, Ivan Aleksejevič (Author), Terent'jev, Michail Semenovič (Author)
Médium: Kniha
Jazyk:Russian
Vydané: Čeboksary : Čuvašskoje knižnoje idzdat., 1985.
Vydanie:1. izd.
ISBN: (brož.)
Fyzický popis: 55 s.
Tagy: Pridať tag
Žiadne tagy, Buďte prvý kto otaguje tento záznam!

MARC

LEADER 00000nam a22000004a 4500
001 000401310
005 20120914181324.0
008 120914s1985 ru e 000 0 rus d
020 |a (brož.)  |c Kčs 1,30 
040 |a SVKKK  |b slo  |c SVKKK  |e AACR2 
041 0 |a rus 
044 |a ru  |c RU 
100 1 |a Aleksejev, Ivan Aleksejevič  |4 aut 
245 1 0 |a Opyt bor'by s besplodijem korov /  |c Ivan Aleksejevič Aleksejev, Michail Semenovič Terent'jev. 
250 |a 1. izd. 
260 |a Čeboksary :  |b Čuvašskoje knižnoje idzdat.,  |c 1985. 
300 |a 55 s. 
700 1 |a Terent'jev, Michail Semenovič  |4 aut 
910 |a svkkk 
998 |a BK 
090 |g SCKHL  |k Sklad Pribinova 2. posch.  |a II.295070  |j 720481  |i B261360  |s Absenčne